LEADER 01312nam0 22003011i 450 001 UON00193021 005 20231205103222.611 010 $a04-15-90519-2 100 $a20030730d1993 |0itac50 ba 101 $aeng 102 $aGB 105 $a|||| 1|||| 200 1 $aˆThe ‰ lesbian and gay studies reader$fedited by Henry Abelove, Michèle Aina Barale, David M. Halperin 210 $aNew York$aLondon$cRoutledge$d1993. xxii$d666 p. ; 26 cm 2 copie. 606 $aOMOSESSUALITA'$3UONC040015$2FI 620 $aUS$dNew York$3UONL000050 620 $aGB$dLondon$3UONL003044 676 $a305.9$cGruppi professionali e gruppi vari$v21 702 1$aABELOVE$bHenry$3UONV113998 702 1$aBARALE$bAina Michèle$3UONV113999 702 1$aHALPERIN$bDavid M.$3UONV114000 712 $aRoutledge$3UONV248939$4650 801 $aIT$bSOL$c20240220$gRICA 912 $aUON00193021 950 $aSIBA - SISTEMA BIBLIOTECARIO DI ATENEO$dSI AME VI c 2.71 0010 $eSI LO 59104 5 0010 $sBuono 950 $aSIBA - SISTEMA BIBLIOTECARIO DI ATENEO$dSI AME VI c 2.71 0010/bis $eSI LO 59105 5 0010/bis $sBuono 996 $aLesbian and gay studies reader$91291860 997 $aUNIOR LEADER 01080nam0 22002651i 450 001 UON00382097 005 20231205104532.715 010 $a27-11-60902-2 100 $a20100603d1986 |0itac50 ba 101 $afre 102 $aFR 105 $a|||| ||||| 200 1 $aBlaise Pascal$econversion et apologetique$fpar Henri Gouhier - Paris$eVrin, 1986 - 268 p. ; 24 cm. 410 1$1001UON00067067$12001 $aBibliotheque d'histoire de la philosophie$fDirecteur Henri Gouhier 606 $aPascal Blaise$3UONC044921$2FI 620 $aFR$dParis$3UONL002984 676 $a194$cFilosofia occidentale moderna. Francia$v21 700 1$aGOUHIER$bHenri$3UONV050869$0155041 712 $aLibrairie Philosophique J. Vrin$3UONV267223$4650 801 $aIT$bSOL$c20250523$gRICA 899 $aSIBA - SISTEMA BIBLIOTECARIO DI ATENEO$2UONSI 912 $aUON00382097 950 $aSIBA - SISTEMA BIBLIOTECARIO DI ATENEO$dSI FS 04109 $eSI FP 2800 5 996 $aBlaise Pascal$9469019 997 $aUNIOR